Succeeding with technology : Computer system concepts for real life
Uloženo v:
| Hlavní autor: | |
|---|---|
| Médium: | Kniha |
| Jazyk: | Undetermined |
| Vydáno: |
Boston, MA
Thomson/Course Technology
2007
|
| Témata: | |
| Tagy: |
Přidat tag
Žádné tagy, Buďte první, kdo otaguje tento záznam!
|
| Thư viện lưu trữ: | Trung tâm Học liệu Trường Đại học Cần Thơ |
|---|
| LEADER | 00588nam a2200205Ia 4500 | ||
|---|---|---|---|
| 001 | CTU_128531 | ||
| 008 | 210402s9999 xx 000 0 und d | ||
| 020 | |c 1132000 | ||
| 082 | |a 004 | ||
| 082 | |b S782 | ||
| 100 | |a Stair, Ralph M. | ||
| 245 | 0 | |a Succeeding with technology : | |
| 245 | 0 | |b Computer system concepts for real life | |
| 245 | 0 | |c Ralph M. Stair, Ken Baldauf | |
| 260 | |a Boston, MA | ||
| 260 | |b Thomson/Course Technology | ||
| 260 | |c 2007 | ||
| 650 | |a Computers.,Information technology. | ||
| 904 | |i Minh | ||
| 980 | |a Trung tâm Học liệu Trường Đại học Cần Thơ | ||